00603nam a2200169Ia 450000500170000000800410001702000180005808200130007610000130008924500920010226000440019430000130023850000660025194200060031795200950032399900150041820250613012517.0240331s9999 xx 000 0 und d a9789551772000 bSAMa305 aSamuel,K 0aSangawunu ithihasaya :bSri Lankawaula samaya sandaha kanthawange kriyawadaya 1982-2002 aColombobSocial Scientist Societyc2006 a118 p ., aA book on Women's Activism for Peace in Sri Lanka - 1982-2002 cL 001040708LaWERCLbWERCLcSSCd2024-03-31l0o 305 SAMp6046r2024-03-31w2024-03-31yL c4891d4891